Solubility of chromium compounds in cryolite melts dissertation thesis

Salvato in:
Dettagli Bibliografici
Autore principale: Šuleková, Daša
Natura: Libro
Lingua:inglese
Pubblicazione: Bratislava STU FCHPT 2013
Accesso online:Visualizza in OPAC
Tags: Aggiungi Tag
Nessun Tag, puoi essere il primo ad aggiungerne!!

MARC

LEADER 00000nam a2200000 a 4500
005 20260127133945.0
008 150225 2013 000 0 eng d
035 |a vtls010657045 
039 9 |a 201502251101  |b mschk03  |y 201502251100  |z mschk03 
040 |a STUSCHK1  |b slo  |c STUSCHK1  |e AACR2 
100 1 |a Šuleková, Daša 
245 1 |a Solubility of chromium compounds in cryolite melts  |b dissertation thesis  |c Daša Šuleková 
260 |a Bratislava  |b STU FCHPT  |c 2013 
300 |a 107 s.  |b il.  |c 30 cm 
500 |a Study programme and study field: Inorganic Technologies and Materials 
500 |a Training workplace: Department of Inorganic Technology 
910 |a SCHK95 
999 |c 876  |d 876